|
|
|
|
| LEADER |
00831nab a2200217 i 4500 |
| 001 |
acta10497 |
| 005 |
20240509112229.0 |
| 008 |
161015s1934 hu o 000 hun d |
| 022 |
|
|
|a 0324-5411
|
| 040 |
|
|
|a SZTE Egyetemi Kiadványok Repozitórium
|b hun
|
| 041 |
|
|
|a hun
|
| 100 |
1 |
|
|a Sík Sándor
|
| 245 |
1 |
0 |
|a Arany János stilusművészetéről [!stílusművészetéről]
|h [elektronikus dokumentum] /
|c Sík Sándor
|
| 260 |
|
|
|c 1934
|
| 300 |
|
|
|a 42-57
|
| 490 |
0 |
|
|a Acta litterarum ac scientiarum Regiae Universitatis Francisco-Josephinae : sectio philologico-historica
|
| 650 |
|
4 |
|a Bölcsészettudományok
|
| 650 |
|
4 |
|a Nyelvek és irodalom
|
| 695 |
|
|
|a Arany János, Magyar irodalom - költészet - 19. sz.
|
| 700 |
0 |
1 |
|a Arany János
|
| 856 |
4 |
0 |
|u http://acta.bibl.u-szeged.hu/10497/1/philologica_006_042-057.pdf
|z Dokumentum-elérés
|